000 00608nam a2200229Ia 4500
003 OSt
005 20220918200616.0
006 a|||||r|||| 00| 0
007 ta
008 220917b |||||||| |||| 00| 0 eng d
024 _a89,499
037 _cTextual
040 _aARTS
_cARTS
_beng
041 _2eng
_aeng
082 _aU47.19D, K3-;1 (UD)
100 _aLongrigg Stepohen H
_994819
245 0 _aMiddle east ; a social geography
260 _c1963
650 _aHUMAN GEOGRAPHY
_91464
942 _hU47.19D, K3-;1 (UD)
_cTEXL
_2CC
999 _c213169
_d213169